00952nam a2200229 a 450000100060000000300080000600500170001400800410003103500190007204000350009104100080012608200280013410000300016224502030019226000710039530000370046650200770050350400340058065000220061470000460063670000400068283965BD-RjUL20240902095828.0240902s2010 bg a|||| m||| 00| 0 eng d a(BD-RjUL)83965 aBD-RjULbengcBD-RjULdBD-RjUL aeng a639.37482bJOE 2010223 aJoadder, Md. Abdur Razzaq10aEco-Biology of Labeo Bata (Hamilton) with Special Reference to its Fishery in Rajshahi /cBy Md. Abdur Razzaq Joadder ;6Principal Supervisor : Md. Delwer Hossain, Co-Supervisor : Md. Habibur Rahman aRajshahi :bDepartment of Fisheries, University of Rajshahi,c2010 axi, 255 Leaves :bill, ;c29 cm. aThesis (Ph. D.) -- Department of Fisheries, University of Rajshahi, 2010 aReferences : Leaves [200]-239 aFisheryvHamilton aHossain, Md. Delwer Principal, Supervisor aRahman, Md. Habibur, Co-Supervisor